| 000 | 01050camaa2200349Mu 4500 | ||
|---|---|---|---|
| 001 | 93889 | ||
| 005 | 20230410132926.0 | ||
| 008 | 030326s19779999sp 000 0 spa d | ||
| 035 | _a(OCoLC)ocn434448850 | ||
| 040 |
_aBNM _erdc _bspa _cBNM |
||
| 016 | 7 |
_abimoBNE20030230735 _2SpMaBN |
|
| 017 | _aB 32797-2002 | ||
| 020 | _a8424926668 | ||
| 020 | _a9788424926663 | ||
| 035 | _a(OCoLC)434448850 | ||
| 041 | 1 |
_aspa _hgrc |
|
| 050 | 1 | 4 |
_aB 171 _bB582 1977 |
| 080 | _a165.72(38) | ||
| 100 | 0 | _aSexto Empírico. | |
| 130 | 1 | _aBiblioetca Clásica Gredos. | |
| 240 | 1 | 0 |
_aEsbozos pirrónicos _lEspañol |
| 245 | 1 | 0 |
_aEsbozos Pirrónicos _cSexto Empírico ; introducción general, traducción y notas de Antonio Gallego Cao y Teresa Muñoz Diego. |
| 260 |
_aMadrid _bGredos _c1977. |
||
| 300 |
_aXLIV, 286 p. _c22 cm. |
||
| 440 | 0 |
_aBiblioteca Clásica Gredos _vn.179 |
|
| 650 | 7 |
_aEscépticos. _2embne |
|
| 700 | 1 | _aGallego Cao, Antonio. | |
| 700 | 1 | _aMuñoz Diego, Teresa. | |
| 942 |
_2lcc _cbk |
||
| 946 | _amjcruz | ||
| 994 |
_aC0 _bDRFGD |
||
| 999 |
_c90307 _d90307 |
||